000 01062nam a2200277 a 4500
003 DO-SdBNP
005 20220530105330.0
007 ta
008 220523e2012 dr ||||fr|||| 001 0dspa d
040 _aDO-SdBNP
_bspa
_cBNPHU
082 4 _222
_aR332f
245 1 0 _aReflejos:
_bfinanzas- liderazgo- valores- hambre- salud. /
_cJulio Rosario, José Vásquez, Juan Almánzar, José Castro
260 _aLa Vega, República Dominicana :
_bCoofalcondo,
_c2018
300 _a103 p. ;
_c21 cm.
500 _aIncluye biografía de los autores en la solapa de la contracubierta.
500 _aUna innovación a que las sociedades tienen que asumir nuevos compromisos y retos, con creatividad, innovación, pasión y sobre todo responsabilidad.
590 _aInventariado 2022 / MF
650 4 _96499
_aFinanzas
_zRepública Dominicana
650 4 _950983
_aEmpresa
_xFinanzas
700 1 _aRosario, Julio
_976035
700 1 _aVasquez, José
_951928
700 1 _aAlmánzar, Juan
_976306
700 _aCastro, José
_980283
910 _aMFeliz
942 _2ddc
_cLBS1
999 _c51791
_d51791